[Event "Western Asia-ch U14 Girls"]
[Site "Delhi"]
[Date "2019.09.09"]
[Round "8"]
[White "Shrija, KM."]
[Black "Bhagyashree, Patil"]
[Result "1/2-1/2"]
[WhiteElo "1511"]
[BlackElo "1744"]
[PlyCount "75"]
[EventDate "2019.09.06"]
[EventType "swiss"]
[EventRounds "9"]
[EventCountry "IND"]
[SourceTitle "CBM 192 Extra"]
[Source "Chessbase"]
[SourceDate "2019.11.06"]
[SourceVersion "1"]
[SourceVersionDate "2019.11.06"]
[SourceQuality "1"]

1. e4 e5 2. Nf3 Nc6 3. Bc4 Be7 4. c3 Nf6 5. d3 0-0 6. 0-0 d6 7. Bb3 h6 8. Re1 Re8 9. Nbd2 Bf8 10. Nf1 Be6 11. Bc2 Ne7 12. Nh4 Bg4 13. f3 Be6 14. g4 g6 15. Ng3 Bg7 16. d4 Nh7 17. Be3 Nc6 18. Ng2 d5 19. Ba4 dxe4 20. fxe4 exd4 21. Bxc6 bxc6 22. Bxd4 Bf8 23. Nf4 Bd7 24. h3 c5 25. Bf2 Bd6 26. Nd5 Ng5 27. Kg2 Ne6 28. Qd2 Bc6 29. Be3 Qh4 30. Qf2 Be5 31. Rf1 Rf8 32. Nf5 Qxf2+ 33. Rxf2 gxf5 34. Ne7+ Kg7 35. Nxc6 f4 36. Bxc5 Nxc5 37. Nxe5 Rfe8 38. Nc4 1/2-1/2

[Event "Western Asia-ch U14 Girls"]
[Site "Delhi"]
[Date "2019.09.08"]
[Round "6"]
[White "Shrija, KM."]
[Black "Pavalachandran, Ashvini"]
[Result "0-1"]
[WhiteElo "1511"]
[BlackElo "1642"]
[PlyCount "68"]
[EventDate "2019.09.06"]
[EventType "swiss"]
[EventRounds "9"]
[EventCountry "IND"]
[SourceTitle "CBM 192 Extra"]
[Source "Chessbase"]
[SourceDate "2019.11.06"]
[SourceVersion "1"]
[SourceVersionDate "2019.11.06"]
[SourceQuality "1"]

1. e4 c5 2. Nf3 g6 3. c4 Bg7 4. d4 cxd4 5. Nxd4 Nc6 6. Be3 Nf6 7. Nc3 d6 8. Be2 0-0 9. 0-0 Bd7 10. Qd2 Nxd4 11. Bxd4 Bc6 12. f3 a5 13. b3 Nd7 14. Be3 Nc5 15. Rac1 Qb6 16. Rc2 Rfc8 17. Rb1 h5 18. Qc1 Kh7 19. a3 Qd8 20. Kh1 Qh8 21. Qd2 Be5 22. Nd5 Bxd5 23. exd5 a4 24. bxa4 Rxa4 25. Qc1 Bd4 26. Bg5 Rc7 27. Rb4 Qa8 28. Qf4 e5 29. dxe6 Nxe6 30. Qg3 Rxa3 31. Bc1 Be5 32. Qe1 Ra1 33. Bd3 Nd4 34. Rd2 Bf4 0-1

[Event "IND-ch U15 Girls"]
[Site "Tiruchengode"]
[Date "2019.07.12"]
[Round "5"]
[White "Dhyana, Patel"]
[Black "Shrija, KM."]
[Result "1-0"]
[WhiteElo "1900"]
[BlackElo "1535"]
[PlyCount "93"]
[EventDate "2019.07.09"]
[EventType "swiss"]
[EventRounds "11"]
[EventCountry "IND"]
[SourceTitle "EXT 2020"]
[Source "ChessBase"]
[SourceDate "2019.10.17"]
[SourceVersion "1"]
[SourceVersionDate "2019.10.17"]
[SourceQuality "1"]

1. e4 e5 2. Nf3 Nc6 3. Bb5 a6 4. Bxc6 dxc6 5. 0-0 f6 6. d4 exd4 7. Nxd4 c5 8. Nb3 Qxd1 9. Rxd1 Bg4 10. f3 Be6 11. Bf4 c4 12. Nd4 0-0-0 13. Nc3 Bf7 14. Nf5 Rxd1+ 15. Rxd1 g6 16. Ne3 Ne7 17. Kf1 b6 18. Ke2 Bg7 19. Ncd5 Nxd5 20. Nxd5 Bxd5 21. Rxd5 Rd8 22. Rxd8+ Kxd8 23. Ke3 c5 24. g4 Kd7 25. c3 g5 26. Bg3 Ke6 27. h4 h6 28. f4 b5 29. f5+ Kd7 30. Bb8 Kc6 31. hxg5 hxg5 32. Bg3 Bh8 33. Bh2 Bg7 34. Bb8 b4 35. a3 bxc3 36. bxc3 Kb5 37. Bd6 Kc6 38. Be7 Bh8 39. e5 fxe5 40. Ke4 Kd7 41. Bxg5 Kd6 42. Bh6 Kd7 43. g5 Ke7 44. f6+ Kf7 45. Kf5 Bxf6 46. gxf6 e4 47. Be3 1-0

[Event "IND-ch U13 Girls"]
[Site "Ahmedabad"]
[Date "2018.06.16"]
[Round "4"]
[White "Shrija, KM."]
[Black "Kriti, Mayur Patel"]
[Result "0-1"]
[WhiteElo "1651"]
[BlackElo "1340"]
[PlyCount "96"]
[EventDate "2018.06.14"]
[EventType "swiss"]
[EventRounds "11"]
[EventCountry "IND"]
[SourceTitle "EXT 2019"]
[Source "ChessBase"]
[SourceDate "2018.10.10"]
[SourceVersion "1"]
[SourceVersionDate "2018.10.10"]
[SourceQuality "1"]

1. e4 e5 2. Nf3 Nc6 3. Bc4 Nf6 4. d3 Bc5 5. c3 d6 6. 0-0 a6 7. Bb3 Ba7 8. Nbd2 0-0 9. h3 h6 10. Re1 Bd7 11. Nf1 Ne7 12. Ng3 Ng6 13. d4 Qc8 14. Be3 c6 15. Qd3 b5 16. Rad1 c5 17. dxc5 dxc5 18. c4 Bc6 19. Qc2 Bb7 20. Rc1 b4 21. Ba4 Qe6 22. Nd2 Bb6 23. Nb3 Rac8 24. Rcd1 h5 25. f3 Ne7 26. f4 exf4 27. Bxf4 Rfd8 28. e5 Nh7 29. Nxh5 Nf5 30. Ng3 Nd4 31. Qc1 a5 32. Ne4 Qg6 33. Ng3 Nf5 34. Kh2 Nh4 35. Re2 Rxd1 36. Qxd1 Rd8 37. Qe1 Bxg2 38. Qc1 Bb7 39. Nd2 Rxd2 40. Bxd2 Nf3+ 41. Kg2 Nxd2+ 42. Kf2 Ne4+ 43. Nxe4 Bxe4 44. Qf4 Ng5 45. Ke3 Bd3 46. Rd2 Ne6 47. Qh4 Nd4 48. Qf2 Qe4# 0-1